| 000 | 00380nam a2200145Ia 4500 | ||
|---|---|---|---|
| 008 | 230312s9999||||xx |||||||||||||| ||und|| | ||
| 082 |
_a005.75 _bGIB |
||
| 100 | _aPascal Gibert | ||
| 245 | 0 | _aOracle8 | |
| 260 |
_bStephanie jones _c1998 |
||
| 300 | _a308 | ||
| 546 | _aEng. | ||
| 650 |
_aComputer _vCreating menu modules, managing modules, programming function keysl |
||
| 942 | _cBK | ||
| 999 |
_c2897 _d2897 |
||